Tratado de derecho ambiental (Tomo I)/ (Registro nro. 7984)
[ vista simple ]
| 000 -LEADER | |
|---|---|
| fixed length control field | 02073nam a2200205Ia 4500 |
| 005 - FECHA Y HORA DE LA ÚLTIMA TRANSACCIÓN | |
| control field | 20241024112144.0 |
| 008 - FIXED-LENGTH DATA ELEMENTS--GENERAL INFORMATION | |
| fixed length control field | 230427s9999 xx 000 0 und d |
| 020 ## - INTERNATIONAL STANDARD BOOK NUMBER | |
| International Standard Book Number | 97895096061671 |
| 040 ## - CATALOGING SOURCE | |
| Original cataloging agency | UPAN |
| Transcribing agency | Biblioteca San Vicente |
| Description conventions | RCAA2 |
| 041 ## - LANGUAGE CODE | |
| Language code of text/sound track or separate title | spa |
| 082 ## - DEWEY DECIMAL CLASSIFICATION NUMBER | |
| Classification number | 341.762 |
| Item number | B455t |
| año de publicación | 2008 |
| 100 ## - MAIN ENTRY--PERSONAL NAME | |
| Personal name | Bellorio Clabot, Dino |
| Relator code | aut. |
| 245 #0 - TITLE STATEMENT | |
| Title | Tratado de derecho ambiental (Tomo I)/ |
| Remainder of title | Dino Bellorio Clabot |
| 250 ## - EDITION STATEMENT | |
| Edition statement | 2° ed. |
| 260 ## - PUBLICATION, DISTRIBUTION, ETC. (IMPRINT) | |
| Place of publication, distribution, etc | Argentina: |
| Name of publisher, distributor, etc | Ad-Hoc, |
| Date of publication, distribution, etc | 2008 |
| 300 ## - PHYSICAL DESCRIPTION | |
| Extent | 1656 p.: |
| Dimensions | 23 cm. |
| 505 ## - FORMATTED CONTENTS NOTE | |
| Formatted contents note | Primera parte. LA MATERIA , LINEAMIENTOS DE POLÌTICA ECONÒMICA Y AMBIENTAL RELACIONADOS CON EL USO Y APROVECHAMIENTO DE LOS RECURSOS NATURALES<br/>I. Recursos naturales, economìa y ambiente <br/>II. Introducciòn al estudio de las actividades econòmicas y las instituciones jurìdicas en particular<br/>Segunda parte. GRANDES SECTORES DE ACTIVIDAD<br/>III. Suelos<br/>IV. Nuevas formas asociativas para la explotaciòn agrìcola-ganadera<br/>V. Aguas<br/>VI. Polìtica y legislaciòn forestal. Reservas y parques nacionales<br/>VII. Fauna silvestre<br/>VIII. Sanidad animal<br/>IX. Sanidad vegetal<br/>X. Agroquìmicos<br/>XI. Pesca<br/>XII. La minerìa <br/>XIII.Energìa<br/>XIV. Hidrocarburos <br/>XV. Règimen Nuclear<br/>Tercera parte. LA DIMENSIÒN AMBIENTAL<br/>XVI. La protecciòn jurìdica del ambiente<br/>XVII. La legislaciòn ambiental en Argentina<br/>XVIII. Intereses difusos y legitimaciòn ´<br/>XIX. Polìticas, derecho y gestiòn ambiental en grandes obras del hombre<br/>XX. Aspectos jurìdico-institucionales de la gestiòn ambiental en grandes presas<br/>XXI. El manejo ambiental en represas hidroelèctricas. La experiencia argentina en la integraciòn: Salto Grande y Yacyretà<br/>XXII. La prolemàtica ambiental en la integraciòn <br/>XXIII. Biodiversidad<br/>XXIV. La defensa del consumidor y el ambiente<br/>XXV. Empresa y ambiente<br/>XXVI. Residuos peligrosos<br/>XXVII. Aspectos ambientales de la polìtica de hibrocarburos en la Argentina<br/>XXVIII. Normas ISO <br/>XXIX. Contaminaciòn sonora<br/>XXX. Educaciòn ambiental<br/>XXXI. Formaciòn en derecho ambiental <br/> |
| 650 ## - SUBJECT ADDED ENTRY--TOPICAL TERM | |
| Source of heading or term | LEMB |
| Topical term or geographic name as entry element | Derecho |
| 942 ## - ADDED ENTRY ELEMENTS (KOHA) | |
| Koha item type | Libros |
| Source of classification or shelving scheme | Dewey Decimal Classification |
| Withdrawn status | Lost status | Source of classification or shelving scheme | Damaged status | Not for loan | Collection code | Home library | Current library | Date acquired | Total Checkouts | Full call number | Barcode | Date last seen | Price effective from | Koha item type |
|---|---|---|---|---|---|---|---|---|---|---|---|---|---|---|
| Dewey Decimal Classification | Colección General | Biblioteca UPAN San Vicente | Biblioteca UPAN San Vicente | 27/04/2023 | 341.762 B455t | 12002448 | 27/04/2023 | 27/04/2023 | Libros | |||||
| Dewey Decimal Classification | Colección General | Biblioteca UPAN San Vicente | Biblioteca UPAN San Vicente | 27/04/2023 | 341.762 B455t | 12003031 | 29/04/2023 | 27/04/2023 | Libros | |||||
| Dewey Decimal Classification | Colección General | Biblioteca UPAN San Vicente | Biblioteca UPAN San Vicente | 27/04/2023 | 341.762 B455t | 12003030 | 29/04/2023 | 27/04/2023 | Libros |